| 000 | 00346cam a22001217a 4500 | ||
|---|---|---|---|
| 008 | 180718b1987 xxu||||| |||| 00| 0 eng d | ||
| 082 | _aB1 Z37 | ||
| 100 | _aZeitlin, Irving M. | ||
| 245 |
_aRethinking sociology : a critique of contemporary theory _cby Irving M. Zeitlin |
||
| 260 |
_aJaipur _bRawat _c1987 |
||
| 300 | _a263p. | ||
| 650 | _aSociology | ||
| 999 |
_c356654 _d356654 |
||